00417cam a22001217a 4500008004000000020001800040100002200058245007700080260003500157300001000192999001900202952007400221180718b1999 xxu||||| |||| 00| 0 eng d a81 86782 41 9 aTailor, Meenakshi aBharat main sansdiya Shashan ke Ochitya ka Parikshacby Meenakshi Tailor aJaipurbPublication Skimc1999 a244p. c439545d439545 00104070aIIPAbIIPAd2010-05-01p75254r2018-07-21w2018-07-21yBK